00414 2200157 4500245006300000020002200063250001000085100001400095700002000109005001900129260005700148041001400205084001000219300001800229336000900247 aKisah Kesatria Melayu Laksamana Hang TuahcSri MurnihText a978-602-6477-39-2 aCet.1 aSri Murni aNaafi Nur Rohma a20240926102324 aJakartabKementerian Pendidikan dan Kebudayaanc2019 aIndonesia a741.5 a49 hlm :cpdf atext